| 000 | 00684nam a22001937a 4500 | ||
|---|---|---|---|
| 008 | 120220s xxu|||||r|||| 001 0 eng d | ||
| 020 | _a8131805026 | ||
| 020 | _a9788131805022 | ||
| 082 |
_222 _a621.3885 _bKHU |
||
| 100 |
_929023 _aKhurana, Monika |
||
| 245 |
_aData Communication System / _cby Monika Khurana. |
||
| 260 |
_anew Delhi : _bLaxmi Publications, _c2009. |
||
| 300 |
_a239 p. : _bill ; _c24 cm. |
||
| 500 | _aIncludes index. | ||
| 650 |
_929024 _aCommunication Systems |
||
| 653 |
_bEle _cFebruary2012 |
||
| 942 |
_2ddc _cBB |
||
| 999 |
_c16493 _d16493 |
||